| 000 | 01035nam a2200253 i 4500 | ||
|---|---|---|---|
| 001 | 174178 | ||
| 003 | ES-MaACL | ||
| 005 | 20251013205443.0 | ||
| 008 | 100301s1922 fr |||| | fre d | ||
| 080 | _a616.9-036.22 | ||
| 245 | 0 | 0 | _aSepticémies : streptococcie, staphylococcie, gonococcie, méningococcie, pneumococcie, colibacillose, pneumobacilloses.../ par F. Widal [et al.]. |
| 250 | _aSixième tirage entièrement refondu et augmenté de nouveaux articles. | ||
| 260 |
_aParis : _bJ.-B. Baillière et fils, _c1922. |
||
| 300 |
_a549 p. : _bil. ; _c24 cm. |
||
| 490 | 1 |
_aNouveau traité de médecine et de thérapeutique ; _v10 |
|
| 650 | 0 | 7 |
_aEnfermedades infecciosas _2embne _9135986 |
| 700 | 1 |
_aBrouardel, Paul ( _d1837-1906) _9126192 |
|
| 700 | 1 |
_aCarnot, Paul ( _d1869-1957) _9165455 |
|
| 700 | 0 |
_aWidal, Fernad. _9116744 |
|
| 700 | 1 |
_aThoinot, Léon-Henri _9142272 |
|
| 830 | 0 |
_aNouveau traité de médecine et de thérapeutique ; _v10 _9189322 |
|
| 852 |
_aES-MaACL _jB-13567 |
||
| 999 |
_c174178 _d174178 |
||